[Event "Lund Open"]
[Site "Lund"]
[Date "2016.02.09"]
[Round "1.1"]
[White "Hoang, Johnny"]
[Black "Semcesen, Daniel"]
[Result "0-1"]
[WhiteElo "1803"]
[BlackElo "2440"]

1.e4 e5 2.Nf3 Nc6 3.Bc4 g6 4.d4 exd4 5.O-O Bg7 6.e5 Nge7 7.Re1 d6 8.Ng5 d5
9.Bb5 O-O 10.e6 fxe6 11.Rxe6 h6 12.Bxc6 hxg5 13.Rxe7 Qxe7 14.Bxd5+ Kh7 15.
Nd2 c6 16.Be4 g4 17.h3 Qh4 18.Qe2 Bf5 19.hxg4 Bxg4 20.Nf3 Bxf3 21.gxf3 Be5
22.Bxg6+ Kxg6 23.Qxe5 Rae8 24.Qd6+ Rf6 25.Qg3+ Qxg3+ 26.fxg3 Re1+ 27.Kf2 
Rfe6 0-1

[Event "Lund Open"]
[Site "Lund"]
[Date "2016.02.09"]
[Round "1.2"]
[White "Ahlander, Bjorn"]
[Black "Bengtsson, Per"]
[Result "1-0"]
[WhiteElo "2416"]
[BlackElo "1763"]

1.d4 Nf6 2.c4 c5 3.e3 g6 4.Nc3 Bg7 5.Nf3 O-O 6.Be2 cxd4 7.exd4 d5 8.O-O 
Nc6 9.h3 Bf5 10.Be3 Rc8 11.c5 Ne4 12.Qa4 Qd7 13.Rfd1 Nxc3 14.bxc3 Nxd4 15.
Rxd4 Rxc5 16.Rc1 e5 17.Qxd7 Bxd7 18.Rdd1 Ra5 19.Bc4 Bc6 20.Bb3 h6 21.Ne1 
Kh7 22.Nd3 d4 23.Bd2 e4 24.cxd4 Rf5 25.Ne5 Bxe5 26.dxe5 Rxe5 27.Bb4 Ra8 
28.Bxf7 Rf5 29.Bb3 a5 30.Rxc6 bxc6 31.Rd7+ Kh8 32.Bc3+ Rf6 33.Bxf6# 1-0

[Event "Lund Open"]
[Site "Lund"]
[Date "2016.02.09"]
[Round "1.3"]
[White "Lundell, Mathias"]
[Black "Sigeman, Johan"]
[Result "1/2-1/2"]
[WhiteElo "1730"]
[BlackElo "2164"]

1.c4 e5 2.g3 Nc6 3.Nc3 g6 4.Bg2 Bg7 5.e4 d6 6.d3 Nge7 7.Nge2 O-O 8.O-O Be6
9.Nd5 Qd7 10.b4 Bxd5 11.cxd5 Nxb4 12.Qb3 c5 13.a3 Na6 14.Rb1 Rab8 15.Be3 
b5 16.f4 Bh6 17.Bf2 f6 18.Bf3 Kh8 19.Qc3 Nc7 20.Rfc1 Na8 21.Qa5 Qb7 22.Rc2
Qb6 23.Qc3 a5 24.d4 cxd4 25.Nxd4 exd4 26.Bxd4 Qd8 27.Bxf6+ Kg8 28.Bg4 Rxf6
29.Qxf6 Bg7 30.Qe6+ Kh8 31.Rbc1 b4 32.axb4 axb4 33.e5 b3 34.Re2 dxe5 35.d6
Nf5 36.Bxf5 gxf5 1/2-1/2

[Event "Lund Open"]
[Site "Lund"]
[Date "2016.02.09"]
[Round "1.4"]
[White "Ivarsson, Torbjorn"]
[Black "Sandvall, Johannes"]
[Result "1-0"]
[WhiteElo "2163"]
[BlackElo "1720"]

1.e4 c5 2.Nf3 d6 3.Bb5+ Bd7 4.Bxd7+ Nxd7 5.O-O Ngf6 6.Re1 g6 7.b3 Bg7 8.
Bb2 O-O 9.d3 Rc8 10.Nbd2 e6 11.Nc4 Nb6 12.Ne3 d5 13.e5 Nfd7 14.c4 Qc7 15.
Nf1 Rfd8 16.Qe2 a5 17.Bc1 Nb8 18.Bg5 Rd7 19.Qe3 Nc6 20.Ng3 Ne7 21.Bf6 Qd8 
22.Bxg7 Kxg7 23.Qg5 Ng8 24.Nh5+ Kf8 25.Nf6 h6 26.Nxd7+ Qxd7 27.Qf4 d4 28.
Nd2 Kg7 29.Ne4 Rc7 30.Re2 Nc8 31.Rf1 b6 32.Qg3 Nge7 33.Qh4 Ng8 34.g4 Qe7 
35.Qg3 Qd8 36.f4 f5 37.exf6+ Nxf6 38.Nxf6 Qxf6 39.f5 Re7 40.fxe6 Qg5 41.h4
1-0

[Event "Lund Open"]
[Site "Lund"]
[Date "2016.02.09"]
[Round "1.5"]
[White "Drapic, Haris"]
[Black "Tabaa, Ghayth"]
[Result "1/2-1/2"]
[WhiteElo "1683"]
[BlackElo "2110"]

1.e4 e6 2.Nf3 d5 3.e5 Ne7 4.d4 b6 5.Nc3 Ba6 6.Bxa6 Nxa6 7.O-O Qd7 8.b3 Ng6
9.a3 c5 10.Qe2 Nc7 11.g3 Rc8 12.h4 cxd4 13.Nxd4 Bc5 14.Ncb5 Nxb5 15.Nxb5 
a6 16.Nd6+ Bxd6 17.exd6 Qxd6 18.Qxa6 Qc6 19.Be3 b5 20.Qxc6+ Rxc6 21.Rfc1 
Kd7 22.h5 Ne7 23.a4 bxa4 24.Rxa4 Rhc8 25.Ra7+ Kd8 26.b4 R8c7 27.Rxc7 Kxc7 
28.Bc5 Nc8 29.Ra1 Kb7 30.Kf1 Ra6 31.Rxa6 Kxa6 32.Ke2 e5 33.f3 Nb6 34.Bf8 
g6 35.hxg6 hxg6 36.Kd3 Kb5 37.c3 Nc4 38.Bg7 Nb2+ 39.Kc2 Nc4 40.Kd3 f5 41.
g4 e4+ 42.Ke2 Nd6 43.Bd4 Kc4 44.fxe4 Nxe4 45.gxf5 Ng3+ 46.Kf3 Nxf5 47.Bh8 
Nd6 48.Kg4 Ne4 49.Kf4 Kb5 50.Ke3 Kc6 51.Kd4 Nd6 52.Kd3 Kd7 53.Be5 Nc4 54.
Bh2 g5 55.Kd4 Kc6 56.Bb8 Na3 57.Bh2 Nb5+ 58.Kd3 Kd7 1/2-1/2

[Event "Lund Open"]
[Site "Lund"]
[Date "2016.02.09"]
[Round "1.6"]
[White "Lindvall, Johannes"]
[Black "Sundin, Sven-Ingvar"]
[Result "1-0"]
[WhiteElo "2060"]
[BlackElo "1633"]

1.e4 c6 2.d4 d5 3.Nc3 dxe4 4.Nxe4 Bf5 5.Ng3 Bg6 6.N1e2 h6 7.Nf4 Bh7 8.Bc4 
Nf6 9.O-O e6 10.Re1 Be7 11.Bxe6 fxe6 12.Nxe6 Qd6 13.Nxg7+ Kf7 14.N7f5 Bxf5
15.Nxf5 1-0

[Event "Lund Open"]
[Site "Lund"]
[Date "2016.02.09"]
[Round "1.7"]
[White "Ehinger, Mats"]
[Black "Szumniak, Jedrzej"]
[Result "1/2-1/2"]
[WhiteElo "1626"]
[BlackElo "2059"]

1.e4 c5 2.Nf3 Nc6 3.Bb5 e6 4.Bxc6 bxc6 5.d3 d5 6.e5 Ne7 7.O-O Qc7 8.Re1 
Nf5 9.Nc3 Be7 10.b3 O-O 11.Ba3 Qa5 12.Na4 Ba6 13.Qd2 Qxd2 14.Nxd2 Nd4 15.
Rac1 Bg5 16.Red1 Ne2+ 17.Kh1 Nxc1 18.Bxc1 c4 19.Nc5 c3 20.Nxa6 cxd2 21.
Bxd2 Bxd2 22.Rxd2 d4 23.b4 Rad8 24.g3 Rd5 25.f4 Rb5 26.a3 Rd8 27.Kg2 Kf8 
28.Kf3 Ke7 29.Re2 h6 30.h4 Rg8 31.Re4 Rd5 32.Nc5 a5 33.Nb3 axb4 34.axb4 
Rgd8 35.g4 f6 36.exf6+ gxf6 37.Nc5 e5 38.g5 hxg5 39.hxg5 fxg5 40.fxg5 Rg8 
41.Kg4 Rh8 42.Re2 Rh1 43.Kf5 Rf1+ 44.Kg6 Rd6+ 45.Kh5 Rf5 46.Kg4 Rf4+ 47.
Kh5 Rd5 48.Rg2 Rd8 49.Ne4 Rh8+ 50.Kg6 Rg8+ 51.Kh5 Rh8+ 52.Kg6 Rg8+ 1/2-1/2

[Event "Lund Open"]
[Site "Lund"]
[Date "2016.02.09"]
[Round "1.8"]
[White "Bouaziz, Nejib"]
[Black "Morell, Adam"]
[Result "1-0"]
[WhiteElo "2093"]
[BlackElo "1610"]

1.e4 Nf6 2.e5 Nd5 3.Nf3 d6 4.c4 Nb6 5.d4 dxe5 6.Nxe5 N8d7 7.Nxd7 Bxd7 8.
Nc3 c6 9.Be3 g6 10.Be2 Bg7 11.Qd2 Be6 12.b3 Qd7 13.O-O Rd8 14.Rad1 Qc7 15.
Qc1 a5 16.Bf3 Qb8 17.d5 Nxd5 18.cxd5 Bd7 19.dxc6 Bxc6 20.Rxd8+ Qxd8 21.
Bxc6+ bxc6 22.Rd1 Qc7 23.Nb5 Qb7 24.Na7 O-O 25.Qxc6 Qb8 26.g3 Be5 27.Qb5 
Bd6 28.Qxb8 Rxb8 29.Nc6 Rb5 30.Kf1 f6 31.Ke2 Kf7 32.Rd3 g5 33.a4 Rf5 34.g4
1-0

[Event "Lund Open"]
[Site "Lund"]
[Date "2016.02.09"]
[Round "1.9"]
[White "Carlsson, Richard"]
[Black "Finnlaugsson, Gunnar"]
[Result "0-1"]
[WhiteElo "1596"]
[BlackElo "2031"]

1.e4 c5 2.Nf3 e6 3.d4 cxd4 4.Nxd4 Nf6 5.Nc3 Nc6 6.Be3 Bb4 7.Bd3 d5 8.exd5 
Nxd5 9.Nxc6 bxc6 10.Bd2 O-O 11.O-O Bxc3 12.bxc3 Qf6 13.c4 Nb6 14.Qh5 g6 
15.Qc5 e5 16.Be4 Bb7 17.Bc3 Nd7 18.Qe3 Qe6 19.Rad1 f5 20.Bd3 f4 21.Qf3 
Rae8 22.Rfe1 Ba8 23.Be4 Rf7 24.Qe2 g5 25.g4 f3 26.Bxf3 Ref8 27.Be4 Rxf2 
28.Bf5 R2xf5 29.gxf5 Rxf5 30.Rd3 c5 31.Re3 Qc6 32.Re4 Qxe4 33.Qxe4 Bxe4 
34.Rxe4 Kf7 35.Bb2 Ke6 36.Bc1 h6 37.Kg2 Rf8 38.Bd2 Rb8 39.Bc3 Rb1 40.Re2 
Rd1 41.Kf2 Rd6 42.Kg3 Ra6 43.Kg4 Ra4 44.Kh5 Rxc4 45.Ba1 Rh4+ 46.Kg6 e4 47.
Bg7 Ne5+ 48.Kh7 h5 49.Rf2 Nf3 0-1

[Event "Lund Open"]
[Site "Lund"]
[Date "2016.02.09"]
[Round "1.10"]
[White "Karlsson, Robert"]
[Black "Nord, Alexander"]
[Result "1-0"]
[WhiteElo "2021"]
[BlackElo "1593"]

1.e4 e6 2.d4 d5 3.Nc3 Bb4 4.e5 c5 5.a3 Bxc3+ 6.bxc3 c4 7.Qg4 Ne7 8.Qxg7 
Ng6 9.Nf3 Qe7 10.Qh6 Nc6 11.h4 Qf8 12.Qg5 Qe7 13.Qe3 Qc7 14.h5 Nge7 15.g4 
h6 16.Nh4 b6 17.f4 Rg8 18.Bh3 Bb7 19.f5 Rh8 20.Rf1 Kd7 21.fxe6+ fxe6 22.
Rf6 Nd8 23.Ng6 Nxg6 24.Rxg6 Nf7 25.Rg7 Ke7 26.g5 Kf8 27.gxh6 Nxh6 28.Rxc7 
1-0

[Event "Lund Open"]
[Site "Lund"]
[Date "2016.02.16"]
[Round "2.1"]
[White "Semcesen, Daniel"]
[Black "Ramel, Olof"]
[Result "1-0"]
[WhiteElo "2440"]
[BlackElo "2009"]

1.c4 Nf6 2.Nc3 e6 3.e4 d5 4.e5 Ne4 5.Nxe4 dxe4 6.Qg4 Qd4 7.Nf3 Qb6 8.Qxe4 
Bc5 9.d4 Bb4+ 10.Kd1 Bd7 11.Bd3 Na6 12.Ke2 O-O-O 13.Be3 f5 14.exf6 gxf6 
15.a3 f5 16.Qh4 Bf8 17.b4 Bc6 18.c5 Bxf3+ 19.gxf3 Bxc5 20.dxc5 Qc6 21.Rhd1
Rhg8 22.b5 1-0

[Event "Lund Open"]
[Site "Lund"]
[Date "2016.02.16"]
[Round "2.2"]
[White "Persson, Ulf"]
[Black "Lindvall, Johannes"]
[Result "1/2-1/2"]
[WhiteElo "1893"]
[BlackElo "2060"]

1.e4 e5 2.Nf3 Nc6 3.Bb5 a6 4.Ba4 Nf6 5.O-O Be7 6.Re1 b5 7.Bb3 d6 8.c3 O-O 
9.h3 Bb7 10.d4 Re8 11.Nbd2 Bf8 12.d5 Nb8 13.a4 Nbd7 14.axb5 axb5 15.Rxa8 
Qxa8 16.g4 Nc5 17.Bc2 c6 18.g5 Nfd7 19.dxc6 Bxc6 20.Qe2 d5 21.h4 dxe4 22.
Nxe4 Nxe4 23.Bxe4 Bxe4 24.Qxe4 Qxe4 25.Rxe4 Bd6 26.Kg2 Ra8 27.b4 Rc8 28.
Bd2 Kf8 29.h5 Re8 30.Nh4 g6 31.h6 f5 32.gxf6 Nxf6 33.Re1 Rc8 34.Nf3 Nd7 
35.Ng5 Nf6 36.Ra1 Kg8 37.Ra7 Bf8 38.Ne6 Ne4 1/2-1/2

[Event "Lund Open"]
[Site "Lund"]
[Date "2016.02.16"]
[Round "2.3"]
[White "Madison, Sigurd"]
[Black "Bouaziz, Nejib"]
[Result "1-0"]
[WhiteElo "1841"]
[BlackElo "2093"]

1.Nf3 g6 2.g3 Bg7 3.d4 Nf6 4.Bg2 d6 5.c3 O-O 6.O-O Nbd7 7.Na3 Rb8 8.Nb5 a6
9.Na7 c5 10.Nxc8 Qxc8 11.Bg5 h6 12.Bf4 g5 13.Be3 Ng4 14.Bd2 f5 15.h4 gxh4 
16.Nxh4 e6 17.Ng6 Re8 18.e3 d5 19.e4 dxe4 20.Bxe4 Ngf6 21.Bg2 Kh7 22.Nf4 
cxd4 23.cxd4 Qc4 24.Bc3 Nf8 25.Re1 b5 26.a3 Rbd8 27.Rc1 Qc7 28.Nh5 Nxh5 
29.Qxh5 Qd7 30.Rcd1 Qc7 31.Bf3 Kg8 32.Kg2 Qf7 33.Qh3 Ng6 34.d5 e5 35.Bb4 
e4 36.Bh5 Bxb2 37.d6 Rd7 38.Re2 Be5 39.Rc2 Re6 40.Rc8+ Kh7 41.Rc6 a5 42.
Bc5 Qg7 43.Qxf5 Rf7 44.Qxe4 Bxg3 45.Bxg6+ Rxg6 46.fxg3 Qb2+ 47.Kh3 Qb3 48.
Rd3 Qb1 49.Rc7 Qf1+ 50.Kh2 1-0

[Event "Lund Open"]
[Site "Lund"]
[Date "2016.02.16"]
[Round "2.5"]
[White "Finnlaugsson, Gunnar"]
[Black "Franzen, Per-Erik"]
[Result "1/2-1/2"]
[WhiteElo "2031"]
[BlackElo "1894"]

1.e4 c5 2.Nf3 Nc6 3.d4 cxd4 4.Nxd4 g6 5.Nc3 Bg7 6.Be3 Nf6 7.Bc4 O-O 8.Bb3 
Ng4 9.Qxg4 Nxd4 10.Qd1 Nxb3 11.axb3 d6 12.Bd4 Bxd4 13.Qxd4 b6 14.O-O Bb7 
15.f4 Qc7 16.Kh1 Qc5 17.Qd2 f5 18.Rae1 fxe4 19.Nxe4 Bxe4 20.Rxe4 Rf7 21.
Qe2 1/2-1/2

[Event "Lund Open"]
[Site "Lund"]
[Date "2016.02.16"]
[Round "2.6"]
[White "Meurman, Arne"]
[Black "Radberg, John"]
[Result "1-0"]
[WhiteElo "2010"]
[BlackElo "1904"]

1.e4 c6 2.d4 d5 3.Nc3 dxe4 4.Nxe4 Nd7 5.Ng5 e6 6.Bd3 Ngf6 7.N1f3 Be7 8.Qe2
O-O 9.O-O c5 10.Re1 Nb6 11.dxc5 Bxc5 12.a3 Nbd5 13.c4 Ne7 14.b4 Bd6 15.Bb2
Ng6 16.g3 a5 17.c5 Be7 18.h4 axb4 19.axb4 Rxa1 20.Rxa1 b6 21.Rc1 Nd5 22.
Nxh7 Kxh7 23.h5 Nxb4 24.hxg6+ fxg6 25.Bxg6+ Kxg6 26.Ne5+ Kh6 27.Qe4 Rf5 
28.g4 Rxe5 29.Qxe5 Qf8 30.Qh5# 1-0

[Event "Lund Open"]
[Site "Lund"]
[Date "2016.02.16"]
[Round "2.7"]
[White "Sigeman, Johan"]
[Black "Nilsson, Roger"]
[Result "1/2-1/2"]
[WhiteElo "2164"]
[BlackElo "1869"]

1.e4 c5 2.Nc3 Nc6 3.g3 g6 4.Bg2 Bg7 5.Nge2 Rb8 6.O-O b5 7.d3 e6 8.Bf4 d6 
9.Qd2 b4 10.Nd1 e5 11.Be3 Nf6 12.Bh6 Bxh6 13.Qxh6 Ng4 14.Qd2 Nd4 15.f4 
Nxe2+ 16.Qxe2 c4 17.f5 Qb6+ 18.Kh1 gxf5 19.exf5 h5 20.h3 cxd3 21.cxd3 Ba6 
22.Rc1 Qd4 23.Qe4 Qxe4 24.Bxe4 Nf6 25.Re1 d5 26.Bf3 Bxd3 27.Rxe5+ Kf8 28.
Nf2 Be4 29.Bxe4 dxe4 30.Nxe4 Nxe4 31.Rxe4 Rg8 32.Kg2 Rd8 33.Rxb4 Rd2+ 34.
Kf3 Rd3+ 35.Kf4 Rgxg3 36.Rb7 Kg7 37.Rf1 h4 38.Rxa7 Kf6 39.Ra6+ Kg7 40.Ra3 
Rxa3 41.bxa3 Rxa3 42.Kg4 Rxa2 43.Kxh4 Kf6 44.Kg4 Rg2+ 45.Kf4 Ra2 46.Kg4 
Rg2+ 47.Kf3 Ra2 1/2-1/2

[Event "Lund Open"]
[Site "Lund"]
[Date "2016.02.16"]
[Round "2.10"]
[White "Sundin, Sven-Ingvar"]
[Black "Kharraziha, Hamid"]
[Result "1-0"]
[WhiteElo "1633"]
[BlackElo "1439"]

1.e4 e5 2.Nf3 Nc6 3.Bb5 Nf6 4.O-O Bc5 5.c3 O-O 6.Re1 d6 7.d4 exd4 8.cxd4 
Bb6 9.Bg5 Bg4 10.d5 Nd4 11.Qd3 Nxb5 12.Qxb5 Bxf3 13.gxf3 h6 14.Bh4 g5 15.
Bg3 Nh5 16.Nc3 Qf6 17.Qd3 Nf4 18.Qd2 Kh7 19.Kh1 Rg8 20.Ne2 Nxe2 21.Qxe2 
Bd4 22.Rab1 h5 23.h3 Be5 24.Rg1 h4 25.Bxe5 Qxe5 26.Rg4 f5 27.Rg2 Rae8 28.
Re1 c6 29.f4 Qf6 30.Qh5+ Qh6 31.Qf7+ Kh8 32.fxg5 Qg6 33.Qxb7 cxd5 34.Qxd5 
fxe4 35.Rg4 Re5 36.Rxh4+ Kg7 37.Qb7+ Qf7 38.Rh7+ 1-0

[Event "Lund Open"]
[Site "Lund"]
[Date "2016.03.08"]
[Round "4.1"]
[White "Semcesen, Daniel"]
[Black "Ahlander, Bjorn"]
[Result "1/2-1/2"]
[WhiteElo "2440"]
[BlackElo "2416"]

1.c4 e6 2.Nc3 d5 3.d4 Be7 4.Nf3 Nf6 5.Bg5 O-O 6.e3 h6 7.Bh4 b6 8.Be2 Bb7 
9.Bxf6 Bxf6 10.cxd5 exd5 11.b4 c5 12.bxc5 bxc5 13.Rb1 Bc6 14.O-O Nd7 15.
Bb5 Qc7 16.Qc2 1/2-1/2

[Event "Lund Open"]
[Site "Lund"]
[Date "2016.03.08"]
[Round "4.2"]
[White "Tabaa, Ghayth"]
[Black "Ivarsson, Torbjorn"]
[Result "0-1"]
[WhiteElo "2110"]
[BlackElo "2163"]

1.d4 Nf6 2.Bg5 c6 3.Nd2 Qb6 4.Bxf6 exf6 5.Nb3 d5 6.e3 Be6 7.Ne2 Bd6 8.Nf4 
Bf5 9.Nh5 O-O 10.Bd3 Bg6 11.O-O Nd7 12.Ng3 Qc7 13.Rc1 Rfe8 14.Kh1 Bxg3 15.
hxg3 Re7 16.Bxg6 hxg6 17.Nd2 f5 18.c4 Qd6 19.Qb3 Nf6 20.c5 Qe6 21.Qd3 g5 
22.Kg1 g6 23.Nf3 Ne4 24.Nd2 Nf6 25.Nf3 Ne4 26.Nd2 Kg7 27.Nxe4 fxe4 28.Qe2 
g4 29.Rce1 Rae8 30.Qd2 Qf5 31.Rc1 Rh8 32.Rfd1 Ree8 33.Kf1 Rh1+ 34.Ke2 Qf3+
0-1

[Event "Lund Open"]
[Site "Lund"]
[Date "2016.03.22"]
[Round "5.1"]
[White "Ivarsson, Torbjorn"]
[Black "Semcesen, Daniel"]
[Result "0-1"]
[WhiteElo "2163"]
[BlackElo "2440"]

1.e4 d6 2.d4 Nf6 3.Nc3 Nbd7 4.g3 e5 5.Nge2 Be7 6.Bg2 O-O 7.h3 c6 8.Be3 b5 
9.O-O Bb7 10.f4 Re8 11.fxe5 dxe5 12.d5 Bc5 13.Bxc5 Nxc5 14.b4 Ncd7 15.Qd3 
a6 16.Rad1 Rc8 17.Kh2 cxd5 18.exd5 Rc4 19.a3 Nb6 20.Ne4 Nxe4 21.Bxe4 g6 
22.g4 Nc8 23.Qe3 Nd6 24.Bd3 Rc7 25.Ng3 e4 26.Be2 Rxc2 27.Rf2 Qe7 28.Kg2 
Qe5 29.h4 Rc3 0-1

[Event "Lund Open"]
[Site "Lund"]
[Date "2016.03.22"]
[Round "5.2"]
[White "Ahlander, Bjorn"]
[Black "Szumniak, Jedrzej"]
[Result "1-0"]
[WhiteElo "2416"]
[BlackElo "2059"]

1.d4 d5 2.c4 c6 3.Nf3 Nf6 4.e3 a6 5.Bd3 b5 6.b3 Bg4 7.h3 Bh5 8.Nbd2 e6 9.
O-O Nbd7 10.a4 b4 11.e4 dxc4 12.Nxc4 c5 13.d5 Nb6 14.dxe6 fxe6 15.Qe2 Be7 
16.g4 Nxc4 17.Bxc4 Nxg4 18.hxg4 Bxg4 19.Qe3 O-O 20.Nh2 Bh5 21.Bxe6+ Kh8 
22.Bb2 Qe8 23.Bf5 Bf6 24.Bxf6 Rxf6 25.Qxc5 Be2 26.Rfc1 Qh5 27.Qc8+ Rf8 28.
Qc7 Rad8 29.Qe5 Rd3 30.Qe7 Rg8 31.Rc8 Rxc8 32.Bxc8 Qg6+ 33.Ng4 1-0

[Event "Lund Open"]
[Site "Lund"]
[Date "2016.03.22"]
[Round "5.3"]
[White "Franzen, Per-Erik"]
[Black "Sigeman, Johan"]
[Result "1/2-1/2"]
[WhiteElo "1894"]
[BlackElo "2164"]

1.Nf3 Nf6 2.d4 e6 3.c4 Bb4+ 4.Bd2 Qe7 5.a3 Bxd2+ 6.Qxd2 O-O 7.Nc3 d6 8.g3 
e5 9.Bg2 Nc6 10.d5 Na5 11.Qc2 Nxc4 12.Nb5 Nb6 13.Qxc7 Qxc7 14.Nxc7 Rb8 15.
Nb5 Rd8 16.Rd1 a6 17.Nc3 Bd7 18.Nd2 Rbc8 19.O-O Nc4 20.Nxc4 Rxc4 21.Rd2 a5
22.e3 b5 23.Ra1 Rb8 24.Bf1 Rc5 25.Bd3 Kf8 26.e4 b4 27.axb4 axb4 28.Nd1 
Rbc8 29.Kg2 h5 30.Ra6 Bb5 31.Bxb5 Rxb5 32.f3 Ke7 33.Ra7+ Nd7 34.Kf2 
1/2-1/2

[Event "Lund Open"]
[Site "Lund"]
[Date "2016.03.22"]
[Round "5.5"]
[White "Rosell, Sven"]
[Black "Finnlaugsson, Gunnar"]
[Result "1/2-1/2"]
[WhiteElo "1969"]
[BlackElo "2031"]

1.Nf3 c5 2.c4 Nc6 3.Nc3 g6 4.g3 Bg7 5.Bg2 e6 6.O-O Nge7 7.d3 O-O 8.Bf4 e5 
9.Bd2 d6 10.Qc1 Re8 11.Bh6 Bh8 12.e4 Bg4 13.h3 Be6 14.Nd5 f6 15.Be3 Bf7 
16.Qd2 Nd4 17.Rab1 a5 18.Ne1 Nxd5 19.cxd5 b5 20.f4 Qd7 21.fxe5 dxe5 22.Nf3
Bg7 23.Kh2 a4 24.Rbc1 Rec8 25.Rf2 b4 1/2-1/2

[Event "Lund Open"]
[Site "Lund"]
[Date "2016.03.22"]
[Round "5.6"]
[White "Bouaziz, Nejib"]
[Black "Sjodahl, Sten"]
[Result "1-0"]
[WhiteElo "2093"]
[BlackElo "1916"]

1.e4 e5 2.Nf3 Nc6 3.Bb5 a6 4.Ba4 d6 5.c3 Bg4 6.h3 Bh5 7.d3 Nf6 8.Nbd2 b5 
9.Bc2 d5 10.Qe2 dxe4 11.dxe4 Bc5 12.Nf1 O-O 13.Bg5 h6 14.Bh4 Bxf3 15.Qxf3 
Be7 16.Ne3 Nh7 17.Bxe7 Nxe7 18.h4 c6 19.Rd1 Qc7 20.O-O Rad8 21.Rxd8 Rxd8 
22.Bb3 Nf6 23.Rd1 Rxd1+ 24.Qxd1 Nxe4 25.Qh5 Nc8 26.Ng4 c5 27.Nxh6+ gxh6 
28.Qg4+ Kf8 29.Qxe4 Ne7 30.Qh7 Ng8 31.Qf5 c4 32.Bc2 a5 33.Qf3 b4 34.Be4 
Ne7 35.Qf6 Ng8 36.Qf3 Ne7 37.h5 Qd7 38.Qe2 bxc3 39.bxc3 f5 40.Bc2 Qd5 41.
Qe3 Kg7 42.Kh2 e4 43.Qf4 Qe6 44.Qc7 Kf6 45.Qd8 Qe5+ 46.Kh1 Qf4 47.Qd4+ Kg5
48.Qg7+ Kxh5 49.Bd1+ 1-0

[Event "Lund Open"]
[Site "Lund"]
[Date "2016.03.22"]
[Round "5.7"]
[White "Karlsson, Robert"]
[Black "Persson, Ulf"]
[Result "0-1"]
[WhiteElo "2021"]
[BlackElo "1893"]

1.e4 c5 2.Nf3 d6 3.d4 cxd4 4.Nxd4 Nf6 5.Nc3 a6 6.Be3 Ng4 7.Bg5 h6 8.Bh4 g5
9.Bg3 Bg7 10.h3 Ne5 11.f3 Nbc6 12.Bf2 Bd7 13.Nd5 Rc8 14.Qd2 Nxd4 15.Bxd4 
Rc6 16.O-O-O Be6 17.h4 f6 18.Bxe5 fxe5 19.hxg5 hxg5 20.Rxh8+ Bxh8 21.Qxg5 
Bxd5 22.exd5 Rc5 23.Qf5 Qc8 24.Qh7 Kd7 25.Bd3 Qf8 26.Rh1 Qf4+ 27.Kb1 Bf6 
28.Be4 Kc7 29.Qh2 Qd2 30.g4 Qe3 31.Qg1 Qf4 32.Rh5 Bg5 33.Rh8 Qd2 34.Bf5 
Be3 35.Qf1 Rxd5 36.Bd3 Rd4 37.Rh7 Bg5 38.Rf7 Rb4 39.a3 Rb6 40.Ka2 Qe3 41.
Qe2 Qc1 42.b4 Kb8 43.Be4 Be3 44.Rxe7 Bd4 45.Kb3 Qb2+ 46.Ka4 Rxb4+ 0-1

[Event "Lund Open"]
[Site "Lund"]
[Date "2016.03.22"]
[Round "5.8"]
[White "Nilsson, Roger"]
[Black "Olsson, Tomas"]
[Result "0-1"]
[WhiteElo "1869"]
[BlackElo "1957"]

1.d4 Nf6 2.c4 g6 3.Nc3 Bg7 4.e4 d6 5.f3 O-O 6.Bg5 b6 7.Qd2 c5 8.d5 a6 9.
Bh6 b5 10.h4 Nbd7 11.h5 Qa5 12.Bxg7 Kxg7 13.hxg6 fxg6 14.cxb5 Rb8 15.Qh6+ 
Kg8 16.Nh3 Ne5 17.Ng5 Nf7 18.Nxf7 Rxf7 19.a4 axb5 20.Qd2 bxa4 21.Rxa4 Qb6 
22.Nb5 Bd7 23.Ra5 Rff8 24.Bc4 Ra8 25.Rxa8 Rxa8 26.Nc3 Ra1+ 27.Nd1 Ba4 28.
Ke2 Rb1 29.Qc3 Nh5 30.Rg1 Bxd1+ 31.Rxd1 Nf4+ 32.Kd2 Qxb2+ 33.Qxb2 Rxb2+ 
34.Ke3 Nxg2+ 35.Kd3 Nf4+ 36.Ke3 g5 37.e5 Rc2 38.exd6 exd6 39.Bb5 Rb2 40.
Ba6 Kg7 41.Bc4 Kf6 42.Ra1 Rc2 43.Ra4 Ke5 44.Ra2 Rxc4 45.Rc2 0-1

[Event "Lund Open"]
[Site "Lund"]
[Date "2016.03.22"]
[Round "5.9"]
[White "Ramel, Olof"]
[Black "Bensryd, Hampus"]
[Result "1-0"]
[WhiteElo "2009"]
[BlackElo "1468"]

1.e4 e5 2.Nf3 Nc6 3.Bb5 f5 4.d4 Nxd4 5.Nxd4 exd4 6.Qxd4 fxe4 7.Nc3 c6 8.
Ba4 Nf6 9.Bg5 h6 10.Bh4 Be7 11.Nxe4 O-O 12.Nxf6+ Bxf6 13.Bxf6 Qxf6 14.Qxf6
Rxf6 15.f3 d5 16.O-O-O Bf5 17.Rhe1 Kf7 18.b4 a6 19.Re5 Re8 20.Rxe8 Kxe8 
21.Rxd5 Ke7 22.Re5+ Kf7 23.Bb3+ Kf8 24.a4 Bd7 25.Kd2 Rd6+ 26.Ke2 g5 27.c3 
Kg7 28.Re7+ Kf8 29.Rf7+ Ke8 30.Rh7 b5 31.a5 Bf5 32.Ra7 Bc8 33.Ke3 Kd8 34.
Bc2 Re6+ 35.Be4 Rd6 36.Rh7 Bd7 37.g3 Ke8 38.Rh8+ Ke7 39.Ra8 c5 40.bxc5 Re6
41.Ra7 Kd8 42.Kd4 Rf6 43.c6 Bc8 44.Kc5 Re6 45.Bd5 Rf6 46.Rg7 Rf8 47.c7+ 
1-0

[Event "Lund Open"]
[Site "Lund"]
[Date "2016.03.22"]
[Round "5.10"]
[White "Sandvall, Johannes"]
[Black "Madison, Sigurd"]
[Result "0-1"]
[WhiteElo "1720"]
[BlackElo "1841"]

1.e4 c6 2.d4 d5 3.e5 g6 4.f4 Bg7 5.Bd3 c5 6.c3 b6 7.Nf3 e6 8.O-O Ne7 9.b3 
O-O 10.Bb2 Nd7 11.Na3 a6 12.Rc1 Bb7 13.Qe2 b5 14.dxc5 Nxc5 15.Rfd1 Nxd3 
16.Rxd3 Qb6+ 17.Kh1 Rac8 18.Nc2 a5 19.Rd2 Rfe8 20.Ncd4 Rc5 21.Rdc2 Ba6 22.
Qd2 b4 23.cxb4 Rxc2 24.Rxc2 axb4 25.a4 Nf5 26.Nxf5 gxf5 27.Bd4 Qb8 28.Bc5 
Bf8 29.Bxf8 Rxf8 30.Rc5 Qb6 31.Qc2 Bc4 32.Rxc4 dxc4 33.Qxc4 Qb7 34.Qe2 Rc8
35.h3 Rc1+ 36.Kh2 Qe4 37.Qd2 Rc8 38.Ng5 Qb7 39.Qe1 h6 40.Nf3 Rc2 41.Qg3+ 
Kh7 42.h4 Qe7 43.Qe1 Rc3 44.Nd4 Qc5 45.Nb5 Rc1 46.Qe2 Rb1 47.Nd6 Qg1+ 48.
Kh3 Qh1+ 0-1

[Event "Lund Open"]
[Site "Lund"]
[Date "2016.03.29"]
[Round "6.1"]
[White "Semcesen, Daniel"]
[Black "Meurman, Arne"]
[Result "1-0"]
[WhiteElo "2440"]
[BlackElo "2010"]

1.d4 d5 2.c4 e6 3.Nc3 Be7 4.Nf3 Nf6 5.Bg5 h6 6.Bxf6 Bxf6 7.Qc2 c6 8.e4 
dxe4 9.Qxe4 Qb6 10.O-O-O O-O 11.Bd3 Rd8 12.Qh7+ Kf8 13.Ne4 Bxd4 14.Nxd4 
Rxd4 15.Qh8+ Ke7 16.Qxc8 Rd8 17.c5 Qa5 18.Qxb7+ 1-0

[Event "Lund Open"]
[Site "Lund"]
[Date "2016.03.29"]
[Round "6.2"]
[White "Ivarsson, Torbjorn"]
[Black "Ahlander, Bjorn"]
[Result "1/2-1/2"]
[WhiteElo "2163"]
[BlackElo "2416"]

1.e4 e5 2.Nf3 Nc6 3.d4 exd4 4.Nxd4 Bc5 5.Be3 Qf6 6.c3 Nge7 7.Bc4 O-O 8.
Nxc6 Qxc6 9.Bd5 Nxd5 10.exd5 Qb6 11.Bxc5 Qxc5 12.O-O b6 13.Na3 Bb7 14.c4 
Rfe8 15.Qd2 c6 16.Rad1 a5 17.dxc6 Bxc6 18.Rfe1 h6 19.Re2 Kf8 20.Rde1 Re6 
21.Rxe6 fxe6 22.Qd3 Qg5 23.f3 Qc5+ 24.Qe3 Qb4 25.Rb1 Ke7 26.Qd4 Qc5 27.Nc2
Rc8 28.Kf1 Kf7 29.Re1 Qxd4 30.Nxd4 Bb7 31.b3 g5 32.Kf2 Kf6 33.Rd1 d5 34.
cxd5 Bxd5 35.Ke3 Rc5 36.Kd3 b5 37.Rd2 e5 38.Rc2 Rxc2 39.Nxc2 h5 40.Ne3 Bc6
41.a3 Ke6 42.Nd1 h4 43.Nf2 Kf5 44.Ke3 Bd5 45.b4 axb4 46.axb4 Bc4 47.g4+ 
hxg3 48.hxg3 Bd5 49.g4+ Kf6 50.Ne4+ Bxe4 51.fxe4 1/2-1/2

[Event "Lund Open"]
[Site "Lund"]
[Date "2016.03.29"]
[Round "6.3"]
[White "Olsson, Tomas"]
[Black "Bouaziz, Nejib"]
[Result "1/2-1/2"]
[WhiteElo "1957"]
[BlackElo "2093"]

1.e4 Nc6 2.Nf3 e5 3.Bb5 Nd4 4.Nxd4 exd4 5.O-O c6 6.Bc4 d6 7.c3 dxc3 8.Nxc3
Nf6 9.d4 Be7 10.Qb3 O-O 11.e5 Ne8 12.Qc2 dxe5 13.dxe5 Qd4 14.Qe4 Qxe4 15.
Nxe4 Bf5 16.Ng3 Bc8 17.Be3 Nc7 18.Rad1 Rd8 19.Rxd8+ Bxd8 20.Rd1 Be7 21.Kf1
b5 22.Bb3 Nd5 23.Bd4 Kf8 24.Rc1 1/2-1/2

[Event "Lund Open"]
[Site "Lund"]
[Date "2016.03.29"]
[Round "6.4"]
[White "Finnlaugsson, Gunnar"]
[Black "Persson, Ulf"]
[Result "1/2-1/2"]
[WhiteElo "2031"]
[BlackElo "1893"]

1.e4 c5 2.Nf3 d6 3.d4 cxd4 4.Nxd4 Nf6 5.Nc3 a6 6.g3 Bg4 7.f3 Bd7 8.Bg2 Nc6
9.Be3 e6 10.Nce2 Rc8 11.O-O Be7 12.Rc1 b5 13.c4 Nxd4 14.Qxd4 Rxc4 15.Rxc4 
bxc4 16.Qxc4 Bb5 17.Qc2 O-O 18.Rc1 Bxe2 19.Qxe2 Qa5 20.b3 d5 21.Rc6 dxe4 
22.fxe4 Qe5 23.Rc4 Rd8 24.Bf4 Qa1+ 25.Rc1 Bc5+ 26.Kh1 Qd4 27.e5 Nd5 28.Rd1
Qf2 29.Qxf2 1/2-1/2

[Event "Lund Open"]
[Site "Lund"]
[Date "2016.03.29"]
[Round "6.5"]
[White "Sigeman, Johan"]
[Black "Hoang, Johnny"]
[Result "1-0"]
[WhiteElo "2164"]
[BlackElo "1803"]

1.c4 e5 2.Nc3 Nf6 3.Nf3 Nc6 4.e3 d5 5.cxd5 Nxd5 6.Bb5 Bg4 7.Qa4 Bxf3 8.
Bxc6+ bxc6 9.Qxc6+ Ke7 10.gxf3 Nb4 11.Qe4 Nd3+ 12.Ke2 Nxc1+ 13.Raxc1 Kd7 
14.Qf5+ Ke8 15.Qxe5+ Qe7 16.Qxe7+ Bxe7 17.Nd5 Rb8 18.Nxe7 Kxe7 19.Rxc7+ 
Kd6 20.Rxf7 Rxb2 21.Rxa7 Rc8 22.Rxg7 Rcc2 23.Rd1 Rxa2 24.Rxh7 Rc5 25.Rh6+ 
Ke7 26.Rb1 1-0

[Event "Lund Open"]
[Site "Lund"]
[Date "2016.03.29"]
[Round "6.6"]
[White "Madison, Sigurd"]
[Black "Ramel, Olof"]
[Result "0-1"]
[WhiteElo "1841"]
[BlackElo "2009"]

1.Nf3 f5 2.d4 Nf6 3.c3 e6 4.Nbd2 Be7 5.Qc2 d5 6.Ne5 O-O 7.Ndf3 Ne4 8.e3 
Nd7 9.Bd3 Ndf6 10.O-O Bd6 11.b3 Qe8 12.c4 c6 13.a4 Qe7 14.a5 a6 15.Ra4 g5 
16.Ne1 g4 17.f3 Ng5 18.e4 Nd7 19.exf5 exf5 20.cxd5 cxd5 21.fxg4 Nxe5 22.
dxe5 Bc5+ 23.Kh1 Ne4 24.Bxe4 fxe4 25.Rf6 Bd7 26.Bg5 Bxa4 27.h4 Qxe5 28.
Qxc5 Rxf6 29.Bxf6 Qxf6 30.Qxd5+ Kh8 31.Qxe4 Re8 0-1